| 000 | 00613nam a2200229 a 4500 | ||
|---|---|---|---|
| 001 | BRCA_6715 | ||
| 005 | 20190320205550.0 | ||
| 008 | 191011s1912----gw-#######---#000-0#ger-# | ||
| 041 | _ager | ||
| 044 | _agw | ||
| 050 | 4 |
_aBL2775 _b.K45 1912 |
|
| 100 | 1 |
_aKemmerich, Max _d1876- _916776 |
|
| 245 | 1 | 0 |
_aAus der Geschichte der menschlichen Dummheit _cvon Dr. Max Kemmerich. |
| 260 |
_aMĂșnich _bAlbert Langen _cc1912 |
||
| 300 |
_avii, 290 p. _c18 cm. |
||
| 500 | _aL35 | ||
| 504 | _aBibliografĂa: p. 286-290 | ||
| 650 | 1 | 4 |
_aLiteratura Alemana _96160 |
| 740 | 0 | _aDummheit | |
| 902 | _aGFM | ||
| 942 |
_2lcc _cB |
||
| 999 |
_c6398 _d6398 |
||